| 000 | 00000nam##2200000za#4500 |
| 001 | 9.675799 |
| 003 | CaOODSP |
| 005 | 20210624225435 |
| 007 | cr ||||||||||| |
| 008 | 150407|1998||||xxc|||||o f|0| 0 eng|d |
| 040 | |aCaOODSP|beng |
| 041 | |aeng |
| 041 | |afre |
| 043 | |an-cn--- |
| 086 | 1 |aH39-432/1998-PDF |
| 110 | 1 |aCanada.|bHealth Canada. |bPolicy and Consultation Branch. |
| 245 | 10|aPublic home care expenditures in Canada, 1975-76 to 1997-98 : |h[electronic resource]|bfact sheets / |c[by André Grenon and Gary Holmes]. |
| 260 | |aOttawa - Ontario : |bHealth Canada. |cMarch 1998. |
| 300 | |a6p.|bgraphs, tables |
| 500 | |aThe catalogue number (H39-432/1998) and ISBN (0-662-63447-0) for the bilingual print edition have been incorrectly copied in this electronic publication. |
| 546 | |aBilingual |
| 590 | |a12-26-Supp|b2012-06-07 |
| 690 | 07|aHealth care|2gcpds |
| 690 | 07|aPublic expenditures|2gcpds |
| 720 | 1 |aGrenon, André |
| 720 | 1 |aHolmes, Gary |
| 792 | |tDépenses publiques de soins à domicle au Canada, 1975-76 à 1997-1998 : |efre|w(CaOODSP)9.675800 |
| 856 | 40|ahttp://publications.gc.ca|qPDF|s86 KB|uhttps://publications.gc.ca/collections/Collection/H39-432-1998.pdf |